The Sociology of Community : (Record no. 607843)

MARC details
000 -LEADER
fixed length control field 00494nam a2200193 a 4500
008 - FIXED-LENGTH DATA ELEMENTS--GENERAL INFORMATION
fixed length control field 260108s1974##################000#0#eng##
020 ## - INTERNATIONAL STANDARD BOOK NUMBER
ISBN 9780714629704
082 04 - DEWEY DECIMAL CLASSIFICATION NUMBER
Classification number 301.3408
Item number BEL
100 1# - MAIN ENTRY--AUTHOR NAME
Personal name Bell, Colin,
245 10 - TITLE STATEMENT
Title The Sociology of Community :
260 ## - PUBLICATION, DISTRIBUTION, ETC. (IMPRINT)
Name of publisher Psychology Press,
Year of publication 1974.
300 ## - PHYSICAL DESCRIPTION
Number of Pages 410 pages
650 #0 - SUBJECT ADDED ENTRY--TOPICAL TERM
Topical Term History.
942 ## - ADDED ENTRY ELEMENTS (KOHA)
Koha item type English Books
Holdings
Withdrawn status Lost status Damaged status Not for loan Home library Current library Shelving location Date acquired Full call number Accession Number Price effective from Koha item type
        Anna Centenary Library Anna Centenary Library 3RD FLOOR, B WING 08.01.2026 301.3408 BEL 174211 08.01.2026 English Books

Find us on the map